| 000 | 00517nam a2200217Ia 4500 | ||
|---|---|---|---|
| 005 | 20250425162444.0 | ||
| 008 | 250425s9999 xx 000 0 und d | ||
| 020 | _a0889302196 | ||
| 041 | _aeng | ||
| 082 | _a639.8 | ||
| 100 | _aMCVEY, JAMES P. | ||
| 245 | 0 | _aHANDBOOK OF MARICULTURE: FINFISH AQUACULTURE | |
| 250 | _aS.E. | ||
| 260 |
_aEstados Unidos _bCRC PRESS _c1991 |
||
| 260 | _aNEW YORK | ||
| 300 | _a256 | ||
| 650 | _aACUACULTURA | ||
| 650 | _aPECES-HISTOLOGIA | ||
| 942 | _c01 | ||
| 010 | _a75394 | ||
| 999 |
_c229583 _d229583 |
||